| 000 | 00507nam a2200157Ia 4500 | ||
|---|---|---|---|
| 008 | 220216s9999 xx 000 0 und d | ||
| 100 | _aWijeratne Mahinda | ||
| 245 | 0 | _aAssessment of CBOs in rubber smallholding sector through PRA techniques | |
| 260 | _bPreprints of Papers. International Natural Rubber Conference 13-14 November 2006, Vietnam, pp.522-528. | ||
| 650 | _aCBOs | ||
| 650 | _aPRA | ||
| 650 | _aSmallholders | ||
| 700 | _aDissanayake Anura | ||
| 700 | _aEdirisinghe Sajini | ||
| 942 | _cJS | ||
| 999 |
_c54537 _d54537 |
||